Pearls in graph theory: a comprehensive introduction

Gespeichert in:
Bibliographische Detailangaben
Hauptverfasser: Hartsfield, Nora (VerfasserIn), Ringel, Gerhard (VerfasserIn)
Format: Buch
Sprache:Englisch
Veröffentlicht: Boston Academic Press 1990
Schlagworte:
Tags: Tag hinzufügen
Keine Tags, Fügen Sie den ersten Tag hinzu!

MARC

LEADER 00000nam a2200000 a 4500
001 UCW1464
003 CL-VaPUC
008 920706e19900000US |||||||||||||||||eng|d
082 0 4 |a 511.5  |b HAR  |2 21 
100 0 |a Hartsfield, Nora  |e author  |9 305443 
700 0 |a Ringel, Gerhard  |e author  |9 305444 
245 1 0 |a Pearls in graph theory: a comprehensive introduction 
300 |a 246 p 
942 |c BK 
945 |d 19920706 00:00:00 
260 |a Boston  |b Academic Press  |c 1990 
650 0 |a Teoría de grafos  |9 269886 
583 |a last modification  |c 20120529 01:16:15  |k Rodrigo Vera 
999 |c 216352  |d 216350 
952 |0 0  |1 0  |4 0  |6 511_500000000000000_HAR_1990  |7 0  |8 A  |9 202011  |a BIBMAT  |b BIBMAT  |d 2019-11-14  |i 2691698  |o 511.5 HAR 1990  |p 2691698  |r 2025-01-07  |w 2019-11-14  |y BK  |k MAT